000
00241nam a2200097Ia 4500
001
682995
005
20250826161429.0
008
250824s9999 xx 000 0 und d
245
0
_a
GELİBOLU CİLTLİ
_c
BUKET UZUNER
260
_b
EVEREST YAYINLARI
999
_c
682995
_d
682995